<?xml version="1.0" encoding="UTF-8"?>
<resp>
  <nextPage>https://data.bn.org.pl/api/networks/bibs.marcxml?marc=001+b1000000888491&amp;sinceId=1000000888492</nextPage>
  <collection>
    <record xmlns='http://www.loc.gov/MARC21/slim'><leader>01778nam a2200517 i 4500</leader><controlfield tag='001'>b1000000888491</controlfield><controlfield tag='005'>20241203215118.8</controlfield><controlfield tag='008'>210215s2018    xxkao  f     |001 0 eng c</controlfield><controlfield tag='009'>9911793861905606</controlfield><datafield ind1=' ' ind2=' ' tag='020'><subfield code='a'>9781999719807</subfield><subfield code='q'>(oprawa miękka)</subfield></datafield><datafield ind1=' ' ind2=' ' tag='035'><subfield code='a'>(PL)b1000000888491</subfield></datafield><datafield ind1=' ' ind2=' ' tag='040'><subfield code='a'>KR U</subfield><subfield code='c'>KR U</subfield><subfield code='d'>KR U</subfield><subfield code='d'>WA N</subfield></datafield><datafield ind1=' ' ind2=' ' tag='046'><subfield code='k'>2012</subfield></datafield><datafield ind1='1' ind2=' ' tag='100'><subfield code='a'>Mansbridge, Christopher</subfield><subfield code='d'>(1988- )</subfield><subfield code='e'>Autor</subfield></datafield><datafield ind1='1' ind2='4' tag='245'><subfield code='a'>The OSCE revision guide :</subfield><subfield code='b'>for medical students /</subfield><subfield code='c'>Christopher Mansbridge, MBChB (HONS), MRes (DIST), MRCP (UK).</subfield></datafield><datafield ind1='3' ind2=' ' tag='246'><subfield code='a'>Objective Structured Clinical Examination revision guide</subfield></datafield><datafield ind1=' ' ind2=' ' tag='250'><subfield code='a'>First edition.</subfield></datafield><datafield ind1=' ' ind2=' ' tag='260'><subfield code='a'>[Winchester] :</subfield><subfield code='b'>OSCEstop,</subfield><subfield code='c'>2018.</subfield></datafield><datafield ind1=' ' ind2=' ' tag='300'><subfield code='a'>X, 362, [4] strony :</subfield><subfield code='b'>fotografie, ilustracje ;</subfield><subfield code='c'>29 cm.</subfield></datafield><datafield ind1=' ' ind2=' ' tag='336'><subfield code='a'>Tekst</subfield><subfield code='b'>txt</subfield><subfield code='2'>rdacontent</subfield></datafield><datafield ind1=' ' ind2=' ' tag='337'><subfield code='a'>Bez urządzenia pośredniczącego</subfield><subfield code='b'>n</subfield><subfield code='2'>rdamedia</subfield></datafield><datafield ind1=' ' ind2=' ' tag='338'><subfield code='a'>Wolumin</subfield><subfield code='b'>nc</subfield><subfield code='2'>rdacarrier</subfield></datafield><datafield ind1=' ' ind2=' ' tag='380'><subfield code='a'>Książki</subfield></datafield><datafield ind1=' ' ind2=' ' tag='380'><subfield code='a'>Publikacje dydaktyczne</subfield></datafield><datafield ind1=' ' ind2=' ' tag='385'><subfield code='m'>Poziom nauczania</subfield><subfield code='a'>Szkoły wyższe</subfield></datafield><datafield ind1='1' ind2=' ' tag='388'><subfield code='a'>2001-</subfield></datafield><datafield ind1=' ' ind2=' ' tag='504'><subfield code='a'>Indeks.</subfield></datafield><datafield ind1=' ' ind2='2' tag='650'><subfield code='a'>Kompetencje kliniczne</subfield></datafield><datafield ind1=' ' ind2='2' tag='650'><subfield code='a'>Badanie przedmiotowe</subfield></datafield><datafield ind1=' ' ind2='2' tag='650'><subfield code='a'>Studenci medycyny</subfield></datafield><datafield ind1=' ' ind2='2' tag='650'><subfield code='a'>Lekarze</subfield></datafield><datafield ind1=' ' ind2='7' tag='655'><subfield code='a'>Materiały pomocnicze</subfield><subfield code='2'>DBN</subfield></datafield><datafield ind1=' ' ind2=' ' tag='658'><subfield code='a'>Medycyna i zdrowie</subfield></datafield><datafield ind1=' ' ind2=' ' tag='852'><subfield code='b'>48OMNIS_NETWORK</subfield><subfield code='8'>9911793861905606</subfield></datafield><datafield ind1=' ' ind2=' ' tag='852'><subfield code='b'>48OMNIS_UJA</subfield><subfield code='8'>991016654535605067</subfield></datafield><datafield ind1=' ' ind2=' ' tag='852'><subfield code='8'>22572967680005067</subfield><subfield code='j'>1</subfield><subfield code='h'>W21 M286 2018</subfield><subfield code='b'>BM_CM</subfield><subfield code='p'>1816202879</subfield><subfield code='c'>BM_CM_CZYT</subfield></datafield><datafield ind1=' ' ind2=' ' tag='920'><subfield code='a'>978-1-9997198-0-7 (oprawa miękka)</subfield></datafield></record>
  </collection>
</resp>
